| 000 | 01026nam a22002898i 4500 | ||
|---|---|---|---|
| 999 |
_c29017 _d28988 |
||
| 001 | 018497410 | ||
| 003 | EG-ScBUE | ||
| 005 | 20201107094954.0 | ||
| 008 | 170825t2010 nyu f 000 0 eng d | ||
| 020 | _a9780375429989 (pbk.) | ||
| 040 |
_aStDuBDS _beng _erda _cStDuBDS _dEG-ScBUE |
||
| 082 | 0 | 4 |
_a820 _bHAR _222 |
| 100 | 1 |
_aHartzell, Richard A. _q(Richard Atley), _d1952- _eauthor. |
|
| 245 | 1 | 0 |
_aCracking the AP English language & composition exam / _cRichard Hartzell, Ph.D. |
| 250 | _a2011 edition. | ||
| 264 | 1 |
_aNew York : _bThe Princeton Review : _bRandom House, Inc., _c[2010] |
|
| 264 | 4 | _cc2010 | |
| 300 |
_avii, 256 pages ; _c28 cm |
||
| 336 |
_atext _2rdacontent _btxt |
||
| 337 |
_aunmediated _2rdamedia _bn |
||
| 338 |
_avolume _2rdacarrier _bnc |
||
| 650 | 7 |
_aEnglish literature _xExaminations _vStudy guides. _2BUEsh |
|
| 650 | 7 |
_aEnglish language _xComposition and exercises _xExaminations _vStudy guides. _2BUEsh |
|
| 653 |
_bHHUUEENN _cNovember2020 |
||
| 655 |
_vReading book _934232 |
||
| 942 |
_2ddc _cBB |
||